Lịch triều hiến chương loại chí

Spremljeno u:
Bibliografski detalji
Glavni autor: Phan Huy Chú (Tác giả)
Format: Knjiga
Izdano: H. Nxb. Khoa học xã hội 1992
Oznake: Dodaj oznaku
Bez oznaka, Budi prvi tko označuje ovaj zapis!
Thư viện lưu trữ: Mạng thư viện Đại học Đà Nẵng
LEADER 00982nam a2200241 4500
001 000013944
003 10292
005 20150812150848.0
008 120327s1992 sd
100 0 |a Phan Huy Chú  |e Tác giả 
245 0 0 |a Lịch triều hiến chương loại chí  |c Phan Huy Chú 
260 |a H.  |b Nxb. Khoa học xã hội  |c 1992 
774 |a Phan Huy Chú  |d Khoa học xã hội  |d H.  |d 1992  |g T.3  |h 420tr  |t Binh chế chí - Văn tịch chí - Bang giao chí  |w 10295 
774 |a Phan Huy Chú  |d Khoa học xã hội  |d H.  |d 1992  |g T.2  |h 414tr  |t Lễ nghi chí - Khoa mục chí - Quốc dụng chí - Hình luật chí  |w 10294 
774 |a Phan Huy Chú  |d Khoa học xã hội  |d H.  |d 1992  |g T.1  |h 596tr  |t Dư địa chí - Nhân vật - Quan chức chí  |w 10293 
OWN |a LSP 
999 |a From the UDN01 
TYP |a Monograph 
TYP |a Printed language 
980 |a Mạng thư viện Đại học Đà Nẵng